000 00685nam a22002417a 4500
999 _c165906
_d165906
005 20190704153914.0
010 _aB-69865
020 _a-
_c50.00
035 _aB-69865
037 _bBPPD/Ven.
_adpl
082 _aن
100 _aا بن صفی
245 _aخو نی تير
_cا بن صفی
_hUrdu
246 _aKhooni Teer (Urdu)
_bby Ibn-e-Safi
250 _a2002
260 _aDelhi -6
_bKitab Wala
270 _a2794,Gali Jhot Wali,Pahari Bhojla ,
300 _a155ص
_c22cm(Hbk)
490 _aJaico illustrated classics series
942 _2ddc
_cUR
_mص ف ی
_hن